000 00521cam a22002171 4500
001 sa 63000318
003 DLC
005 20260227111920.0
008 890510s1962 ii 000 0 hin
010 _asa 63000318
035 _a(OCoLC)19688929
040 _aDLC
_cWaU
_dDLC
042 _apremarc
050 0 0 _aPK2033
_b.S28
100 1 _aŚarmā, Saranāmasiṃha.
245 1 0 _aVimarśa aura nishkarsha.
260 _c[1962]
300 _a234 p.
_c23 cm.
500 _aIn Hindi.
650 0 _aHindi literature.
999 _c53411
_d53411